000 00274nam a2200133Ia 4500
100 _aNewman W etc
942 _cBK
654 _aManagement
245 _aThe process of Manegement
260 _bP.H.I
_aNew Delhi
_c1970
300 _a788
546 _aENGLISH
999 _c21225
_d21225